| 000 | 01025cam a2200301 a 4500 | ||
|---|---|---|---|
| 001 | 12524185 | ||
| 003 | ARRUPE | ||
| 005 | 20170216095625.0 | ||
| 008 | 010901s1980 sa a 000 0 eng | ||
| 010 | _a 2001419890 | ||
| 020 | _a0869821881 | ||
| 040 |
_aDLC _cDLC _dDLC |
||
| 043 | _af-rh--- | ||
| 050 | 0 | 0 |
_aDT2994 _b.C58 1980 |
| 082 | 0 | 0 |
_a968.9105 _221 |
| 100 | 1 |
_aCleary, Seamus. _928861 |
|
| 245 | 0 | 0 |
_aZimbabwe is born / _ctext by Seamus Cleary ; photographs by Paul Weinberg. |
| 260 |
_aJohannesburg : _bSA Institute of Race Relations, _c1980. |
||
| 300 |
_a46 p. : _bill. ; _c21 cm. |
||
| 500 | _aCover title. | ||
| 651 | 0 |
_aZimbabwe _xPolitics and government _y1980- _928862 |
|
| 651 | 0 |
_aZimbabwe _xHistory _yChimurenga War, 1966-1980 _xPeace. _928863 |
|
| 700 | 1 |
_aWeinberg, Paul. _928864 |
|
| 710 | 2 |
_aSouth African Institute of Race Relations _928865 |
|
| 906 |
_a7 _bcbc _corignew _d3 _encip _f20 _gy-gencatlg |
||
| 942 |
_2lcc _cMONOGRAPH |
||
| 999 |
_c126133 _d126133 |
||